Control system design
Guardat en:
| Autor principal: | |
|---|---|
| Format: | Llibre |
| Idioma: | anglès |
| Publicat: |
Nueva York
McGraw-Hill
1964
|
| Edició: | 2a. ed |
| Matèries: | |
| Etiquetes: |
Afegir etiqueta
Sense etiquetes, Sigues el primer a etiquetar aquest registre!
|
MARC
| LEADER | 00000nam a2200000 a 4500 | ||
|---|---|---|---|
| 001 | UCU4015 | ||
| 003 | CL-VaPUC | ||
| 008 | 960517e19640000US |||||||||||||||||eng|d | ||
| 082 | 0 | 4 | |a 629.8 |b SAV |2 21 |
| 100 | 0 | |a Savant, Clement J |e author |9 361339 | |
| 245 | 1 | 0 | |a Control system design |
| 250 | |a 2a. ed | ||
| 300 | |a 457 p | ||
| 942 | |c BK | ||
| 945 | |d 19960517 00:00:00 |a cmena | ||
| 260 | |a Nueva York |b McGraw-Hill |c 1964 | ||
| 650 | 0 | |a Control automático |9 259890 | |
| 650 | 0 | |a Servomecanismos |9 260343 | |
| 650 | 7 | |a SISTEMAS CIBERNETICOS |2 CL-VaPUC |9 354475 | |
| 650 | 0 | |a Automatización |9 299909 | |
| 650 | 7 | |a CONTROL DE SISTEMAS |2 CL-VaPUC |9 352951 | |
| 650 | 0 | |a Matemática aplicada |9 260236 | |
| 650 | 0 | |a Programación de computadores |9 259531 | |
| 583 | |a last modification |c 19960517 00:00:00 |k Rodrigo Vera | ||
| 999 | |c 247846 |d 247844 | ||
| 952 | |0 0 |1 0 |4 0 |6 629_800000000000000_SAV_1964 |7 0 |8 A |9 264042 |a BIBING |b BIBING |d 2019-11-19 |i 1665014 |o 629.8 SAV 1964 |p 1665014 |r 2025-01-20 |w 2019-11-19 |y BK |k EIE | ||